export_success — 

Det Undervisande Fritidshemmet I lärandets Tidevarv : En Diskursanalytisk Studie Med Fokus På de Naturvetenskapliga Och Tekniska Undervisningspraktikerna.

Bibliographic Details
Main Author: Memisević, Alma.
Format: eBook
Language:Swedish
Published: Linköping : Linkopings Universitet, 2024.
Edition:1st ed.
Series:Studies in Science and Technology Education Series
Subjects:
Online Access:Click to View
LEADER 01699nam a22003733i 4500
001 EBC31279683
003 MiAaPQ
005 20240729202206.0
006 m o d |
007 cr cnu||||||||
008 240729s2024 xx o ||||0 swe d
020 |a 9789180755368  |q (electronic bk.) 
020 |z 9789180755351 
035 |a (MiAaPQ)EBC31279683 
035 |a (Au-PeEL)EBL31279683 
035 |a (OCoLC)1432589784 
040 |a MiAaPQ  |b eng  |e rda  |e pn  |c MiAaPQ  |d MiAaPQ 
100 1 |a Memisević, Alma. 
245 1 0 |a Det Undervisande Fritidshemmet I lärandets Tidevarv :  |b En Diskursanalytisk Studie Med Fokus På de Naturvetenskapliga Och Tekniska Undervisningspraktikerna. 
250 |a 1st ed. 
264 1 |a Linköping :  |b Linkopings Universitet,  |c 2024. 
264 4 |c {copy}2024. 
300 |a 1 online resource (321 pages) 
336 |a text  |b txt  |2 rdacontent 
337 |a computer  |b c  |2 rdamedia 
338 |a online resource  |b cr  |2 rdacarrier 
490 1 |a Studies in Science and Technology Education Series ;  |v v.124 
588 |a Description based on publisher supplied metadata and other sources. 
590 |a Electronic reproduction. Ann Arbor, Michigan : ProQuest Ebook Central, 2024. Available via World Wide Web. Access may be limited to ProQuest Ebook Central affiliated libraries.  
655 4 |a Electronic books. 
776 0 8 |i Print version:  |a Memisević, Alma  |t Det Undervisande Fritidshemmet I lärandets Tidevarv  |d Linköping : Linkopings Universitet,c2024  |z 9789180755351 
797 2 |a ProQuest (Firm) 
830 0 |a Studies in Science and Technology Education Series 
856 4 0 |u https://ebookcentral.proquest.com/lib/matrademy/detail.action?docID=31279683  |z Click to View